000 00649nam a2200241Ia 4500
003 OSt
005 20250829140403.0
008 210210b2010 xxu||||| |||| 00| 0 eng d
020 _a9788130915050
040 _cAL
041 _aeng
082 _a793.73 BRAE
100 _aAllen D Bragdon
_9237652
245 _aExercises for the whole brain
260 _aNew Delhi
_bViva books
_c2010
300 _a128p
651 _2Neuron builders to stimulate and entertain your visual
651 _amath and executive planning skills
_9237672
690 _aQuiz
_9237670
700 _aFellows, Leonard
_9237671
906 _a065298
942 _2ddc
_cBK
999 _c142465
_d142465